Quick Pick: 'A' Elements Quiz Stats

Quiz Updated Feb 23, 2016

Challenge
Share
Tweet
Embed
Score 0/7 Timer 00:30
3 Plays Today
% Correct
Aluminum
96.2%
Americium
92.2%
Actinium
88.2%
Argon
88.1%
Astatine
59.7%
Antimony
57.6%
Arsenic
55.4%

Today's Daily Dose

You're not logged in!

Compare scores with friends on all Sporcle quizzes.
Join for Free
OR
Log In

You Might Also Like...

Show Comments

Extras

Top Quizzes Today


Score Distribution

Your Account Isn't Verified!

In order to create a playlist on Sporcle, you need to verify the email address you used during registration. Go to your Sporcle Settings to finish the process.

Report this User

Report this user for behavior that violates our Community Guidelines.

Details: